Les pays qui ont participés à la coupe du monde 2018 sur une carte - Statistiques

Statistiques générales
  • Ce quiz a été pris 293 fois
  • Le résultat moyen est 25 sur 32
Réponses sur la Carte
Les réponses sont colorées sur une échelle allant du rouge au vert en fonction du pourcentage des utilisateurs qui les ont devinées à leur premier essai. Vous pouvez retrouver ces pourcentages ci-dessous.
 
Statistiques - réponses
Réponse % Correct
France
99%
Argentine
98%
Brésil
97%
Espagne
97%
Russie
97%
Portugal
96%
Australie
95%
Allemagne
93%
Maroc
92%
Angleterre
91%
Japon
91%
Mexique
89%
Belgique
88%
Suède
83%
Uruguay
83%
Pologne
81%
Croatie
80%
Colombie
79%
Perou
77%
Suisse
77%
Corée du Sud
76%
Danemark
76%
Egypte
76%
Sénégal
75%
Tunisie
72%
Arabie Saoudite
61%
Iran
61%
Nigeria
57%
Costa Rica
54%
Islande
54%
Panama
49%
Serbie
48%
Aucun quiz correspondant
Distribution des résultats
% des personnes avec chaque résultat
Percentile par nombre de réponses
Votre historique - résultats
Vous n’avez pas pris ce quiz